<?xml version="1.0" encoding="UTF-8"?>
<record
    xmlns:xsi="http://www.w3.org/2001/XMLSchema-instance"
    xsi:schemaLocation="http://www.loc.gov/MARC21/slim http://www.loc.gov/standards/marcxml/schema/MARC21slim.xsd"
    xmlns="http://www.loc.gov/MARC21/slim">

  <leader>01378    a2200217   4500</leader>
  <controlfield tag="001">25198</controlfield>
  <controlfield tag="005">20260407155535.0</controlfield>
  <controlfield tag="008">260407a1965    arg                 spa d</controlfield>
  <controlfield tag="003">AR-UNSa-BCEJYS</controlfield>
  <datafield tag="040" ind1=" " ind2=" ">
    <subfield code="a">AR-UNSa-BCEJYS</subfield>
    <subfield code="b">spa</subfield>
    <subfield code="c">AR-UNSa-BCEJYS</subfield>
  </datafield>
  <datafield tag="080" ind1=" " ind2=" ">
    <subfield code="a">519.2</subfield>
    <subfield code="x">Probabilidades y estad&#xED;stica matem&#xE1;tica
</subfield>
  </datafield>
  <datafield tag="245" ind1="1" ind2="0">
    <subfield code="a">Estad&#xED;sitica aplicada</subfield>
    <subfield code="p">t&#xE9;cnicas de la estad&#xED;stica moderna, cuando y donde aplicarlas</subfield>
  </datafield>
  <datafield tag="264" ind1=" " ind2="1">
    <subfield code="a">M&#xE9;xico :</subfield>
    <subfield code="b">Limusa-Wiley</subfield>
    <subfield code="c">1965</subfield>
  </datafield>
  <datafield tag="300" ind1=" " ind2=" ">
    <subfield code="a">630 p.</subfield>
    <subfield code="c">23 cm.</subfield>
  </datafield>
  <datafield tag="505" ind1=" " ind2=" ">
    <subfield code="a">1. El papel de la estad&#xED;stica en la investigaci&#xF3;n - 2. Conceptos matem&#xE1;ticos - 3. Un resumen de la teoria b&#xE1;sica en probabilidad y estad&#xED;stica - 4. Elemetos de muestreo y estad&#xED;stica descriptiva - 5. Distribuciones de muestreo - 6. Inferencia estad&#xED;stica : La estimaci&#xF3;n - 7. Inferencia estad&#xED;stica : Prueba hipotesis - 8. An&#xE1;lisis de regresi&#xF3;n - 9. An&#xE1;lisis de correlaci&#xF3;n - 10. Dise&#xF1;o de investigaciones experimentales - 11. Dise&#xF1;o completamente azarizado - 12. Dise&#xF1;o en bloque completo azarizado - 13. Otros dise&#xF1;os - 14. An&#xE1;lisis de covarianza - 15. M&#xE9;tods de distribuci&#xF3;n libre - 16. Control estad&#xED;stico de la calidad - 17. Algunas otras t&#xE9;cnicas y aplicaciones.</subfield>
  </datafield>
  <datafield tag="942" ind1=" " ind2=" ">
    <subfield code="c">BK</subfield>
  </datafield>
  <datafield tag="590" ind1=" " ind2=" ">
    <subfield code="a">niveau_biblio:m niveau_hierar:0</subfield>
  </datafield>
  <datafield tag="100" ind1="1" ind2=" ">
    <subfield code="a">Ostle, Bernard</subfield>
  </datafield>
  <datafield tag="700" ind1="1" ind2=" ">
    <subfield code="a">Serna Valdivia, Dagoberto de la</subfield>
  </datafield>
  <datafield tag="700" ind1="1" ind2=" ">
    <subfield code="a">Rodriguez Caballero, Melchor</subfield>
  </datafield>
  <datafield tag="999" ind1=" " ind2=" ">
    <subfield code="c">1309</subfield>
    <subfield code="d">1309</subfield>
  </datafield>
  <datafield tag="952" ind1=" " ind2=" ">
    <subfield code="0">0</subfield>
    <subfield code="1">0</subfield>
    <subfield code="4">0</subfield>
    <subfield code="7">0</subfield>
    <subfield code="a">BCEJYS</subfield>
    <subfield code="b">BCEJYS</subfield>
    <subfield code="c">16</subfield>
    <subfield code="d">2026-04-07</subfield>
    <subfield code="l">0</subfield>
    <subfield code="o">519.2 O85</subfield>
    <subfield code="p">L21831</subfield>
    <subfield code="r">2026-04-07 15:55:35</subfield>
    <subfield code="w">2026-04-07</subfield>
    <subfield code="y">L</subfield>
  </datafield>
</record>
